[Event "Titled Tuesday intern op 02nd Jul Late"]
[Site "Chess.com INT"]
[Date "2024.07.02"]
[Round "2"]
[White "Gallo Garcia, Kemel Antonio"]
[Black "Bravo De la Vega, Alvaro"]
[Result "1-0"]
[WhiteElo "2385"]
[BlackElo "2193"]
[PlyCount "81"]
[EventDate "2024.07.02"]
[EventType "swiss (blitz)"]
[EventRounds "11"]
[EventCountry "USA"]
[SourceTitle "EXT 2025"]
[Source "ChessBase"]
[SourceDate "2024.10.14"]
[SourceVersion "1"]
[SourceVersionDate "2024.10.14"]
[SourceQuality "1"]

1. e4 c6 2. Nf3 d5 3. Nc3 Bg4 4. h3 Bxf3 5. Qxf3 e6 6. g3 Nf6 7. Bg2 Nbd7 8. 0-0 Be7 9. d3 0-0 10. Qe2 dxe4 11. dxe4 e5 12. Nb1 a5 13. a4 Qc7 14. Nd2 Rfd8 15. Kh1 Nc5 16. f4 Ne6 17. f5 Nd4 18. Qd1 c5 19. c3 Nc6 20. Qe2 Rd7 21. g4 h6 22. Nc4 Nh7 23. Be3 Rad8 24. Qf2 b6 25. h4 Rd3 26. Bf3 R8d7 27. Be2 Rxe3 28. Nxe3 Nf6 29. Qg2 Rd2 30. Nc4 Rd7 31. g5 hxg5 32. hxg5 Nh7 33. f6 Bf8 34. Bg4 Rd3 35. g6 Nxf6 36. Rad1 Qd8 37. Qe2 Nxg4 38. Rxd3 Qh4+ 39. Kg1 Qg5 40. gxf7+ Kh7 41. Qg2 1-0

[Event "Titled Tuesday intern op 04th Jun Early"]
[Site "Chess.com INT"]
[Date "2024.06.04"]
[Round "8"]
[White "Gallo Garcia, Kemel Antonio"]
[Black "Camacho Collados, Jose"]
[Result "1-0"]
[WhiteElo "2385"]
[BlackElo "2361"]
[PlyCount "65"]
[EventDate "2024.06.04"]
[EventType "swiss (blitz)"]
[EventRounds "11"]
[EventCountry "USA"]
[SourceTitle "EXT 2025"]
[Source "ChessBase"]
[SourceDate "2024.10.14"]
[SourceVersion "1"]
[SourceVersionDate "2024.10.14"]
[SourceQuality "1"]

1. e4 c5 2. Nf3 Nc6 3. Nc3 e6 4. d4 cxd4 5. Nxd4 Nf6 6. a3 d6 7. Be3 Be7 8. f3 0-0 9. Qd2 Bd7 10. 0-0-0 Rc8 11. Nxc6 Bxc6 12. Kb1 Qa5 13. Nd5 Qd8 14. Nxe7+ Qxe7 15. Qxd6 Rfe8 16. Qxe7 Rxe7 17. Bxa7 Nd7 18. Bd4 e5 19. Be3 g6 20. h4 f5 21. Bc4+ Kg7 22. Bg5 Ree8 23. exf5 gxf5 24. Rd6 Nb6 25. Be6 Rc7 26. Bxf5 Nc4 27. Rh6 Kg8 28. Be6+ Rxe6 29. Rxe6 Ba4 30. Rc1 Rc5 31. b3 Nxa3+ 32. Kb2 Bd7 33. Re7 1-0

[Event "Titled Tuesday intern op 04th Jun Early"]
[Site "Chess.com INT"]
[Date "2024.06.04"]
[Round "2"]
[White "Gallo Garcia, Kemel Antonio"]
[Black "Gallegos, Carlos"]
[Result "1-0"]
[WhiteElo "2385"]
[BlackElo "2374"]
[PlyCount "111"]
[EventDate "2024.06.04"]
[EventType "swiss (blitz)"]
[EventRounds "11"]
[EventCountry "USA"]
[SourceTitle "EXT 2025"]
[Source "ChessBase"]
[SourceDate "2024.10.14"]
[SourceVersion "1"]
[SourceVersionDate "2024.10.14"]
[SourceQuality "1"]

1. e4 d6 2. d4 Nf6 3. Nc3 c6 4. f4 Qa5 5. Bd2 e5 6. dxe5 dxe5 7. fxe5 Ng4 8. Qf3 Nxe5 9. Qg3 Qc7 10. 0-0-0 Nbd7 11. Nf3 f6 12. Kb1 b5 13. Bf4 Bb7 14. Nd4 Nc5 15. Ncxb5 cxb5 16. Bxb5+ Kf7 17. Bc4+ Ke8 18. Nb5 Qb8 19. Qb3 Be7 20. Qg3 Kf8 21. Rhf1 Nxe4 22. Qe3 a6 23. Nd4 Nxc4 24. Ne6+ Kf7 25. Qd4 Bd5 26. Bxb8 Raxb8 27. Ng5+ Nxg5 28. Qxd5+ Kg6 29. Qxc4 Rhc8 30. Qd3+ Kf7 31. h4 Ne6 32. Rfe1 Nf8 33. Rxe7+ Kxe7 34. Qd5 Rd8 35. Re1+ Ne6 36. Rxe6+ Kf8 37. Rd6 Re8 38. b3 Re5 39. Rd8+ Rxd8 40. Qxd8+ Kf7 41. Qc7+ Kg6 42. Qb8 h5 43. Qb7 a5 44. Kb2 Re2 45. Qf3 Re5 46. a4 Kf7 47. Qc3 g5 48. hxg5 Rxg5 49. Qf3 Kg6 50. Ka3 h4 51. c3 Rf5 52. Qg4+ Rg5 53. Qxh4 Rxg2 54. Qe4+ f5 55. Qxg2+ Kf6 56. Qf2 1-0

[Event "Titled Tuesday intern op 04th Jun Early"]
[Site "Chess.com INT"]
[Date "2024.06.04"]
[Round "11"]
[White "Gallo Garcia, Kemel Antonio"]
[Black "Svane, Rasmus"]
[Result "0-1"]
[WhiteElo "2385"]
[BlackElo "2633"]
[PlyCount "102"]
[EventDate "2024.06.04"]
[EventType "swiss (blitz)"]
[EventRounds "11"]
[EventCountry "USA"]
[SourceTitle "EXT 2025"]
[Source "ChessBase"]
[SourceDate "2024.10.14"]
[SourceVersion "1"]
[SourceVersionDate "2024.10.14"]
[SourceQuality "1"]

1. e4 c6 2. Nf3 d5 3. Nc3 dxe4 4. Nxe4 Nf6 5. Qe2 Nxe4 6. Qxe4 Qa5 7. Bc4 Bf5 8. Qf4 e6 9. Bb3 Qd8 10. Qg3 Bg6 11. d3 Bd6 12. Bf4 Bxf4 13. Qxf4 Nd7 14. h4 Qa5+ 15. c3 0-0-0 16. d4 Rhe8 17. 0-0-0 h6 18. Rhe1 Qf5 19. Qxf5 Bxf5 20. Ne5 Nxe5 21. Rxe5 g5 22. hxg5 hxg5 23. Bc2 f6 24. Re2 Kd7 25. Bxf5 exf5 26. Rxe8 Rxe8 27. Kd2 Rh8 28. Ke2 b5 29. Kf3 Kd6 30. Re1 a5 31. g3 a4 32. Rd1 Kd5 33. Re1 Kd6 34. Rd1 Re8 35. Rh1 Kd5 36. Rh6 Re6 37. b3 axb3 38. axb3 b4 39. cxb4 Kxd4 40. Rh8 Kc3 41. Rb8 Kxb3 42. b5 c5 43. b6 c4 44. b7 Re7 45. g4 f4 46. Rf8 Rxb7 47. Rxf6 c3 48. Rc6 c2 49. Ke4 Kb2 50. Kf5 Rb5+ 51. Rc5 Rxc5+ 0-1

[Event "Titled Tuesday intern op 04th Jun Early"]
[Site "Chess.com INT"]
[Date "2024.06.04"]
[Round "7"]
[White "Valle Luis, Leo"]
[Black "Gallo Garcia, Kemel Antonio"]
[Result "0-1"]
[WhiteElo "2241"]
[BlackElo "2385"]
[PlyCount "104"]
[EventDate "2024.06.04"]
[EventType "swiss (blitz)"]
[EventRounds "11"]
[EventCountry "USA"]
[SourceTitle "EXT 2025"]
[Source "ChessBase"]
[SourceDate "2024.10.14"]
[SourceVersion "1"]
[SourceVersionDate "2024.10.14"]
[SourceQuality "1"]

1. e4 c5 2. Nf3 Nc6 3. Bb5 g6 4. 0-0 Bg7 5. c3 Nf6 6. Re1 0-0 7. d4 d5 8. e5 Ne4 9. Be3 cxd4 10. cxd4 Bf5 11. Nc3 Rc8 12. Rc1 Nxc3 13. bxc3 Na5 14. Nh4 Bd7 15. Bd3 Nc4 16. f4 Nb2 17. Qd2 Nxd3 18. Qxd3 e6 19. Nf3 Qa5 20. Qb1 b6 21. Bd2 Qa6 22. g4 Rc4 23. Rf1 Qb5 24. Qc2 Qa4 25. Qb2 Rfc8 26. f5 exf5 27. gxf5 Bxf5 28. Nh4 Be6 29. Ng2 Qd7 30. Rf2 b5 31. a3 Rf8 32. Ne3 Rc7 33. Rcf1 a6 34. Nc2 Qe7 35. Nb4 a5 36. Na6 Ra7 37. Nc5 Rb8 38. Qc1 Qh4 39. Bg5 Qg4+ 40. Rg2 Qh5 41. Rf4 Bh6 42. Rf6 Bxg5 43. Rxg5 Qh4 44. Rg3 b4 45. axb4 axb4 46. Rf4 Qe7 47. cxb4 Rxb4 48. Nxe6 fxe6 49. Rgf3 Rb8 50. Qc6 Qg5+ 51. Kh1 Ra1+ 52. Rf1 Qxf4 0-1

[Event "Titled Tuesday intern op 28th May Late"]
[Site "Chess.com INT"]
[Date "2024.05.28"]
[Round "3"]
[White "Herman, Daniel"]
[Black "Gallo Garcia, Kemel Antonio"]
[Result "1-0"]
[WhiteElo "1968"]
[BlackElo "2397"]
[PlyCount "75"]
[EventDate "2024.05.28"]
[EventType "swiss (blitz)"]
[EventRounds "11"]
[EventCountry "USA"]
[SourceTitle "EXT 2025"]
[Source "ChessBase"]
[SourceDate "2024.10.14"]
[SourceVersion "1"]
[SourceVersionDate "2024.10.14"]
[SourceQuality "1"]

1. d4 d5 2. c4 e6 3. Nf3 Nf6 4. g3 c6 5. Bg2 dxc4 6. 0-0 b5 7. a4 Bb7 8. Ne5 Nd5 9. b3 cxb3 10. Qxb3 a6 11. Rd1 Bd6 12. e4 Nb6 13. Nc3 0-0 14. Be3 Qc7 15. f4 N8d7 16. Rac1 Rfd8 17. axb5 axb5 18. Nxb5 Qb8 19. Nxc6 Bxc6 20. Rxc6 Bf8 21. d5 exd5 22. exd5 Ra5 23. d6 Nc8 24. Rb1 Nxd6 25. Nxd6 Bxd6 26. Qxb8 Bxb8 27. Rb7 h6 28. h3 Nf6 29. Bb6 Rd1+ 30. Kh2 Ra2 31. Rxb8+ Kh7 32. Rd8 Re1 33. f5 Ree2 34. Rcc8 Rxg2+ 35. Kh1 g5 36. Bd4 Rge2 37. Rh8+ Kg7 38. Rcg8# 1-0

[Event "Titled Tuesday intern op 28th May Late"]
[Site "Chess.com INT"]
[Date "2024.05.28"]
[Round "1"]
[White "Melikhov, Evgeny V"]
[Black "Gallo Garcia, Kemel Antonio"]
[Result "1-0"]
[WhiteElo "2178"]
[BlackElo "2397"]
[PlyCount "77"]
[EventDate "2024.05.28"]
[EventType "swiss (blitz)"]
[EventRounds "11"]
[EventCountry "USA"]
[SourceTitle "EXT 2025"]
[Source "ChessBase"]
[SourceDate "2024.10.14"]
[SourceVersion "1"]
[SourceVersionDate "2024.10.14"]
[SourceQuality "1"]

1. d4 d5 2. c4 e6 3. Nc3 Nf6 4. cxd5 exd5 5. Bg5 c6 6. Qc2 Be7 7. e3 h6 8. Bh4 0-0 9. Bd3 Re8 10. Nge2 Nbd7 11. 0-0 b5 12. Rae1 a5 13. f3 Nb6 14. e4 b4 15. Na4 Nxa4 16. Qxa4 dxe4 17. fxe4 c5 18. Bb5 Rf8 19. e5 Ng4 20. Bxe7 Qxe7 21. h3 Ne3 22. Rf3 cxd4 23. Nxd4 Nd5 24. Bc6 Nb6 25. Qb5 Rb8 26. Qxa5 Nc4 27. Qd5 Nb6 28. Qd6 Qa7 29. Kh1 Nc4 30. Qd5 Nxb2 31. e6 Ba6 32. exf7+ Kh8 33. Be8 Nd3 34. Ref1 Nc5 35. Nf5 Bxf1 36. Rxf1 Qb6 37. Nxg7 Kxg7 38. Qd4+ Kh7 39. Rf6 1-0

[Event "Guillermo Garcia Memorial-B"]
[Site "Santa Clara"]
[Date "2024.05.21"]
[Round "9"]
[White "Diaz Perez, Michel Alejandro"]
[Black "Gallo Garcia, Kemel Antonio"]
[Result "1-0"]
[WhiteElo "2461"]
[BlackElo "2397"]
[PlyCount "71"]
[EventDate "2024.05.14"]
[EventType "tourn"]
[EventRounds "9"]
[EventCountry "CUB"]
[EventCategory "6"]
[SourceTitle "CBM 220 Extra"]
[Source "ChessBase"]
[SourceDate "2024.07.31"]
[SourceVersion "1"]
[SourceVersionDate "2024.07.31"]
[SourceQuality "1"]

1. Nf3 g6 2. c4 Bg7 3. Nc3 Nf6 4. d4 0-0 5. g3 d6 6. Bg2 Nbd7 7. 0-0 e5 8. h3 c6 9. e4 Re8 10. Re1 a5 11. Be3 exd4 12. Nxd4 Nc5 13. Qc2 a4 14. Rad1 Qc7 15. Kh2 h5 16. Bf4 Bf8 17. Nf3 Nfd7 18. b4 axb3 19. axb3 Ne6 20. Be3 b6 21. Kh1 Bb7 22. Nd4 Nxd4 23. Bxd4 Nc5 24. f4 Ne6 25. Bf2 Bg7 26. f5 Nc5 27. fxg6 fxg6 28. e5 Bxe5 29. Qxg6+ Qg7 30. Qxh5 Nxb3 31. Rxd6 Bxd6 32. Rxe8+ Rxe8 33. Qxe8+ Bf8 34. Qe6+ Kh8 35. Ne4 Nc1 36. Nd6 1-0

[Event "Guillermo Garcia Memorial-B"]
[Site "Santa Clara"]
[Date "2024.05.18"]
[Round "5"]
[White "Perez Marimon, Jorge De Jesus"]
[Black "Gallo Garcia, Kemel Antonio"]
[Result "0-1"]
[WhiteElo "2349"]
[BlackElo "2397"]
[PlyCount "152"]
[EventDate "2024.05.14"]
[EventType "tourn"]
[EventRounds "9"]
[EventCountry "CUB"]
[EventCategory "6"]
[SourceTitle "CBM 220 Extra"]
[Source "ChessBase"]
[SourceDate "2024.07.31"]
[SourceVersion "1"]
[SourceVersionDate "2024.07.31"]
[SourceQuality "1"]

1. e4 c5 2. Nf3 d6 3. d4 cxd4 4. Nxd4 Nf6 5. Nc3 a6 6. Bc4 e6 7. Bb3 Nbd7 8. Bg5 Nc5 9. Qe2 Qc7 10. 0-0-0 Nxb3+ 11. axb3 Be7 12. f4 b5 13. e5 dxe5 14. fxe5 Nd5 15. Bxe7 Nxe7 16. Nf3 Bb7 17. Ne4 Bxe4 18. Qxe4 0-0 19. Ng5 Ng6 20. Rd6 a5 21. Rhd1 a4 22. bxa4 Rxa4 23. R1d4 Ra1+ 24. Kd2 Qa5+ 25. c3 Rg1 26. Kc2 Qa1 27. Rd1 Qa7 28. R1d4 Qa1 29. Rd1 Rxd1 30. Rxd1 Qa7 31. Qd4 Qb8 32. Nf3 Rc8 33. Qd6 Qb7 34. Rd4 h6 35. Qd7 Qb8 36. h4 Nf8 37. Qe7 Re8 38. Qd6 Qb7 39. h5 Rc8 40. Rb4 Nd7 41. Qe7 Qc6 42. Rf4 Rf8 43. Qd6 Qb7 44. Rb4 Rc8 45. Qd3 Rb8 46. Qd6 Rc8 47. Qe7 Qc6 48. Rf4 Rf8 49. Rd4 Nb6 50. Qd6 Qb7 51. Nd2 Nc4 52. Nxc4 bxc4 53. Rxc4 Qxg2+ 54. Qd2 Qf3 55. Qh2 Qf5+ 56. Kb3 Rb8+ 57. Rb4 Rd8 58. Qe2 Rd5 59. Qc2 Rxe5 60. Rb8+ Kh7 61. Qxf5+ exf5 62. Rb7 f6 63. Rb4 g5 64. hxg6+ Kxg6 65. Rd4 Kg5 66. c4 f4 67. Kc3 f3 68. Rd1 Kf4 69. b4 f2 70. Rf1 Kf3 71. c5 Re1 72. Rxf2+ Kxf2 73. b5 Rb1 74. Kc4 h5 75. c6 h4 76. Kc5 h3 0-1

[Event "Titled Tuesday intern op 07th May Early"]
[Site "Chess.com INT"]
[Date "2024.05.07"]
[Round "4"]
[White "Amura, Claudia Noemi"]
[Black "Gallo Garcia, Kemel Antonio"]
[Result "0-1"]
[WhiteElo "2169"]
[BlackElo "2400"]
[PlyCount "86"]
[EventDate "2024.05.07"]
[EventType "swiss (blitz)"]
[EventRounds "11"]
[EventCountry "USA"]
[SourceTitle "EXT 2025"]
[Source "ChessBase"]
[SourceDate "2024.10.14"]
[SourceVersion "1"]
[SourceVersionDate "2024.10.14"]
[SourceQuality "1"]

1. d4 d5 2. Bg5 Nf6 3. e3 c5 4. c3 Qb6 5. Qb3 c4 6. Qxb6 axb6 7. Na3 Bd7 8. Nc2 Bf5 9. Nb4 Nc6 10. Nxc6 bxc6 11. Ne2 e6 12. Ng3 Bg6 13. Be2 Nd7 14. f4 f6 15. Bh4 Bd6 16. 0-0 b5 17. a3 Nb6 18. Bg4 Ke7 19. f5 Bxg3 20. Bxg3 Bxf5 21. Bxf5 exf5 22. Rxf5 g6 23. Rf4 f5 24. Bh4+ Ke6 25. g4 Rhf8 26. Raf1 Nc8 27. e4 dxe4 28. Rxe4+ fxe4 29. Rxf8 Nb6 30. Rf6+ Kd7 31. Rf7+ Ke6 32. Rf6+ Kd7 33. Rf7+ Kd6 34. Rxh7 Na4 35. Be7+ Ke6 36. Bb4 Re8 37. Rc7 e3 38. Kf1 Kd5 39. Rd7+ Ke4 40. Ke2 Nxb2 41. Rd6 Nd3 42. Rxg6 Nf4+ 43. Ke1 Nxg6 0-1

[Event "Titled Tuesday intern op 07th May Late"]
[Site "Chess.com INT"]
[Date "2024.05.07"]
[Round "3"]
[White "Djabri, Massinas"]
[Black "Gallo Garcia, Kemel Antonio"]
[Result "0-1"]
[WhiteElo "2264"]
[BlackElo "2400"]
[PlyCount "38"]
[EventDate "2024.05.07"]
[EventType "swiss (blitz)"]
[EventRounds "11"]
[EventCountry "USA"]
[SourceTitle "EXT 2025"]
[Source "ChessBase"]
[SourceDate "2024.10.14"]
[SourceVersion "1"]
[SourceVersionDate "2024.10.14"]
[SourceQuality "1"]

1. d4 Nf6 2. Bf4 d5 3. e3 c5 4. dxc5 e6 5. b4 a5 6. c3 axb4 7. cxb4 b6 8. Bxb8 Rxb8 9. Bb5+ Bd7 10. c6 Bxb4+ 11. Kf1 0-0 12. cxd7 Nxd7 13. Nf3 Nc5 14. g3 Qf6 15. Nd4 Ne4 16. f4 e5 17. Nc6 exf4 18. exf4 Qxa1 19. Nxb4 Qb2 0-1

[Event "Titled Tuesday intern op 07th May Late"]
[Site "Chess.com INT"]
[Date "2024.05.07"]
[Round "4"]
[White "Gallo Garcia, Kemel Antonio"]
[Black "Ferriz Barrios, Andres"]
[Result "1-0"]
[WhiteElo "2400"]
[BlackElo "2102"]
[PlyCount "137"]
[EventDate "2024.05.07"]
[EventType "swiss (blitz)"]
[EventRounds "11"]
[EventCountry "USA"]
[SourceTitle "EXT 2025"]
[Source "ChessBase"]
[SourceDate "2024.10.14"]
[SourceVersion "1"]
[SourceVersionDate "2024.10.14"]
[SourceQuality "1"]

1. e4 e6 2. d4 d5 3. Nc3 dxe4 4. Nxe4 Nd7 5. Nf3 Ngf6 6. Bd3 b6 7. Qe2 Bb7 8. Nxf6+ Nxf6 9. Bb5+ c6 10. Bd3 Be7 11. Bf4 0-0 12. 0-0-0 Nd5 13. Bg3 Bg5+ 14. Kb1 Nb4 15. Bc4 b5 16. h4 Bf6 17. Bb3 a5 18. Qe1 Qe7 19. a3 Nd5 20. Qe2 a4 21. Bxd5 exd5 22. Qxe7 Bxe7 23. Rde1 Rfe8 24. c3 f6 25. Re3 Kf7 26. Rhe1 Bc8 27. Bf4 h6 28. Kc1 Bf5 29. Bg3 g5 30. hxg5 hxg5 31. Nd2 Bg6 32. Nf1 Be4 33. f3 Bg6 34. Nh2 f5 35. Re6 f4 36. Bf2 Rac8 37. Ng4 Bh7 38. Rxc6 Bf8 39. Rxc8 Rxc8 40. Kd2 Bf5 41. Ne5+ Kf6 42. g4 fxg3 43. Bxg3 Kg7 44. Nd3 Kg6 45. Rg1 Kf6 46. Be5+ Kg6 47. Nf4+ Kh6 48. Nxd5 Rc6 49. Ne3 Be6 50. d5 Bxd5 51. Nxd5 Rc5 52. Bd4 Rxd5 53. Kd3 Bd6 54. Ke4 Rxd4+ 55. Kxd4 Kg6 56. Kd5 Bb8 57. Kc6 Kf5 58. Kxb5 Bf4 59. Kxa4 Be3 60. Rg4 Bf4 61. Kb5 Ke6 62. a4 Kd6 63. a5 Kc7 64. a6 Kb8 65. Rxf4 gxf4 66. b4 Ka7 67. Ka5 Ka8 68. b5 Kb8 69. Kb4 1-0

[Event "Titled Tuesday intern op 07th May Late"]
[Site "Chess.com INT"]
[Date "2024.05.07"]
[Round "8"]
[White "Gallo Garcia, Kemel Antonio"]
[Black "Gorovets, Andrey"]
[Result "0-1"]
[WhiteElo "2400"]
[BlackElo "2482"]
[PlyCount "102"]
[EventDate "2024.05.07"]
[EventType "swiss (blitz)"]
[EventRounds "11"]
[EventCountry "USA"]
[SourceTitle "EXT 2025"]
[Source "ChessBase"]
[SourceDate "2024.10.14"]
[SourceVersion "1"]
[SourceVersionDate "2024.10.14"]
[SourceQuality "1"]

1. e4 c6 2. Nf3 d5 3. Nc3 dxe4 4. Nxe4 Nf6 5. Qe2 Na6 6. Nxf6+ gxf6 7. Qe3 Nb4 8. Qb3 a5 9. a3 Nd5 10. d4 a4 11. Qd3 b5 12. g3 Be6 13. Bg2 Nb6 14. Qe3 Bc4 15. Nd2 Bd5 16. Ne4 e6 17. 0-0 f5 18. Ng5 Bxg2 19. Kxg2 Qd5+ 20. Nf3 Nc4 21. Qe2 h5 22. b3 Nd6 23. Qe5 Rg8 24. Qxd5 cxd5 25. h4 axb3 26. cxb3 f6 27. a4 bxa4 28. bxa4 Kd7 29. Bf4 Nc4 30. Rfb1 Kc6 31. Rb5 Rg7 32. Nd2 Rb7 33. Nxc4 dxc4 34. Rxb7 Kxb7 35. a5 Kc6 36. Bd2 Bd6 37. Rb1 Bc7 38. Re1 Bxa5 39. Bxa5 Rxa5 40. Rxe6+ Kd5 41. Rxf6 Kxd4 42. Kf3 c3 43. Rd6+ Kc4 44. Rc6+ Rc5 45. Ra6 c2 46. Ra1 Kd3 47. Kf4 Ke2 48. f3 c1Q+ 49. Rxc1 Rxc1 50. Kxf5 Kxf3 51. Kg5 Rc5+ 0-1

[Event "Titled Tuesday intern op 07th May Late"]
[Site "Chess.com INT"]
[Date "2024.05.07"]
[Round "7"]
[White "Gallo Garcia, Kemel Antonio"]
[Black "Izzat, Kanan Azar"]
[Result "1-0"]
[WhiteElo "2400"]
[BlackElo "2465"]
[PlyCount "121"]
[EventDate "2024.05.07"]
[EventType "swiss (blitz)"]
[EventRounds "11"]
[EventCountry "USA"]
[SourceTitle "EXT 2025"]
[Source "ChessBase"]
[SourceDate "2024.10.14"]
[SourceVersion "1"]
[SourceVersionDate "2024.10.14"]
[SourceQuality "1"]

1. e4 e6 2. d4 d5 3. Nc3 Nf6 4. e5 Nfd7 5. f4 c5 6. Nf3 Nc6 7. Be3 Be7 8. a3 0-0 9. Qd2 a6 10. dxc5 Nxc5 11. Nd4 Nxd4 12. Bxd4 Bd7 13. Be2 b5 14. b4 Nb7 15. 0-0 f6 16. Qe3 fxe5 17. Bxe5 Nd6 18. Bd3 Rc8 19. Ne2 Nc4 20. Qh3 h6 21. Qg4 Nxe5 22. fxe5 Qb6+ 23. Kh1 Rxf1+ 24. Rxf1 Rf8 25. Rxf8+ Bxf8 26. Qf4 a5 27. Bg6 Qd8 28. Nd4 axb4 29. axb4 Qe7 30. c3 Be8 31. Bd3 Qa7 32. Nxe6 Be7 33. h3 Qa1+ 34. Kh2 Qxc3 35. Qg3 Bg6 36. Bxg6 Qxg3+ 37. Kxg3 Bxb4 38. Nc7 Bc3 39. Nxb5 Bxe5+ 40. Kf3 Kf8 41. Ke2 Ke7 42. Bh5 Kf6 43. Bf3 d4 44. Kd3 Kg5 45. Nxd4 Kf4 46. Ne2+ Kg5 47. Ke4 Bb8 48. Nd4 g6 49. Ne2 h5 50. Kd5 Kh4 51. Ke6 g5 52. Kf5 Ba7 53. Nc3 Be3 54. Ne4 Bf4 55. Nf6 Bc1 56. Nxh5 Bd2 57. Bg4 Be1 58. Ke4 Bf2 59. Kf3 Be1 60. Ng7 Bg3 61. Nf5# 1-0

[Event "Titled Tuesday intern op 07th May Late"]
[Site "Chess.com INT"]
[Date "2024.05.07"]
[Round "2"]
[White "Gallo Garcia, Kemel Antonio"]
[Black "Sjugirov, Sanan"]
[Result "0-1"]
[WhiteElo "2400"]
[BlackElo "2692"]
[PlyCount "70"]
[EventDate "2024.05.07"]
[EventType "swiss (blitz)"]
[EventRounds "11"]
[EventCountry "USA"]
[SourceTitle "EXT 2025"]
[Source "ChessBase"]
[SourceDate "2024.10.14"]
[SourceVersion "1"]
[SourceVersionDate "2024.10.14"]
[SourceQuality "1"]

1. d4 Nf6 2. c4 e6 3. Nf3 d5 4. Nc3 Nbd7 5. Bf4 Bb4 6. e3 c5 7. Bd3 cxd4 8. exd4 dxc4 9. Bxc4 Nb6 10. Bd3 Nbd5 11. Bd2 0-0 12. 0-0 Be7 13. Ne5 Bd7 14. Qf3 Rc8 15. Nxd5 Nxd5 16. Be4 Bc6 17. Rac1 Bf6 18. Nxc6 bxc6 19. Bc3 g6 20. Rfd1 Bg7 21. g3 Qb6 22. Qe2 Rfd8 23. h4 Rd7 24. h5 Rcd8 25. hxg6 hxg6 26. Bf3 Ne7 27. Kg2 Bxd4 28. Bxd4 Rxd4 29. Rxd4 Rxd4 30. Rh1 Qc5 31. b4 Qd6 32. a3 Nf5 33. Qa6 Qb8 34. Qxc6 Rd2 35. Rc1 Qxg3+ 0-1

[Event "Titled Tuesday intern op 07th May Late"]
[Site "Chess.com INT"]
[Date "2024.05.07"]
[Round "11"]
[White "Rustemov, Alexander"]
[Black "Gallo Garcia, Kemel Antonio"]
[Result "1-0"]
[WhiteElo "2525"]
[BlackElo "2400"]
[PlyCount "121"]
[EventDate "2024.05.07"]
[EventType "swiss (blitz)"]
[EventRounds "11"]
[EventCountry "USA"]
[SourceTitle "EXT 2025"]
[Source "ChessBase"]
[SourceDate "2024.10.14"]
[SourceVersion "1"]
[SourceVersionDate "2024.10.14"]
[SourceQuality "1"]

1. d4 Nf6 2. c4 e6 3. Nf3 d5 4. Nc3 Nbd7 5. Bg5 Be7 6. e3 h6 7. Bh4 0-0 8. Qc2 c5 9. dxc5 Nxc5 10. Rd1 Qa5 11. Nd2 Rd8 12. a3 dxc4 13. Bxc4 Qc7 14. Bg3 Qc6 15. 0-0 a6 16. b4 b5 17. Be2 Na4 18. Bf3 Qxc3 19. Qxc3 Nxc3 20. Bxa8 Nxd1 21. Rxd1 Nd5 22. Nb3 Nb6 23. Rxd8+ Bxd8 24. Bc6 Be7 25. Na5 Bf6 26. Bc7 Nd5 27. Bxd5 exd5 28. Nc6 Bb7 29. Ne5 Bxe5 30. Bxe5 f6 31. Bd4 Kf7 32. Kf1 Ke6 33. Ke2 g6 34. Kd3 f5 35. f3 Bc8 36. Bg7 h5 37. Kd4 Kd6 38. Bf8+ Ke6 39. Kc5 g5 40. Bg7 g4 41. Bd4 Bb7 42. Kb6 Bc8 43. Kc7 Bd7 44. Kb7 Be8 45. Kxa6 gxf3 46. gxf3 f4 47. exf4 Kf5 48. Be5 d4 49. Bxd4 Kxf4 50. Ka5 Kxf3 51. Bf6 Kg2 52. h4 Kf3 53. a4 bxa4 54. b5 Ke4 55. Kxa4 Kd5 56. Ka5 Kd6 57. b6 Bc6 58. Ka6 Ke6 59. Bg5 Kd7 60. b7 Kc7 61. Bf4+ 1-0

[Event "Titled Tuesday intern op 30th Apr Late"]
[Site "Chess.com INT"]
[Date "2024.04.30"]
[Round "6"]
[White "De Pablo Pena, Miguel Angel"]
[Black "Gallo Garcia, Kemel Antonio"]
[Result "0-1"]
[WhiteElo "1746"]
[BlackElo "2397"]
[PlyCount "50"]
[EventDate "2024.04.30"]
[EventType "swiss (blitz)"]
[EventRounds "11"]
[EventCountry "USA"]
[SourceTitle "EXT 2025"]
[Source "ChessBase"]
[SourceDate "2024.10.14"]
[SourceVersion "1"]
[SourceVersionDate "2024.10.14"]
[SourceQuality "1"]

1. e4 c5 2. Nc3 Nc6 3. f4 g6 4. Nf3 Bg7 5. Bc4 e6 6. f5 Nge7 7. fxe6 fxe6 8. 0-0 0-0 9. d3 d5 10. Bb3 Nd4 11. Bg5 Nxb3 12. axb3 d4 13. Nb5 Qd7 14. Bxe7 Qxe7 15. Rxa7 Rxa7 16. Nxa7 Bd7 17. c4 dxc3 18. bxc3 Ra8 19. Qa1 Qd8 20. e5 Qb6 21. Qc1 c4+ 22. d4 cxb3 23. Ng5 Qxa7 24. Qd1 b2 25. Qc2 Qa1 0-1

[Event "Titled Tuesday intern op 30th Apr Late"]
[Site "Chess.com INT"]
[Date "2024.04.30"]
[Round "7"]
[White "Gallo Garcia, Kemel Antonio"]
[Black "Kushko, Dmitriy"]
[Result "1-0"]
[WhiteElo "2397"]
[BlackElo "2445"]
[PlyCount "111"]
[EventDate "2024.04.30"]
[EventType "swiss (blitz)"]
[EventRounds "11"]
[EventCountry "USA"]
[SourceTitle "EXT 2025"]
[Source "ChessBase"]
[SourceDate "2024.10.14"]
[SourceVersion "1"]
[SourceVersionDate "2024.10.14"]
[SourceQuality "1"]

1. e4 g6 2. d4 Bg7 3. Nc3 d6 4. Nf3 a6 5. Be2 Nf6 6. 0-0 0-0 7. h3 Nc6 8. Re1 b5 9. Bf1 e5 10. dxe5 Nxe5 11. Nxe5 dxe5 12. Be3 Be6 13. Bc5 Re8 14. a4 Nd7 15. Ba3 c6 16. axb5 axb5 17. Bd6 Nb6 18. Bc5 Qc7 19. b3 Red8 20. Rxa8 Rxa8 21. Qd2 Nd7 22. Bd6 Qb6 23. Rd1 h5 24. Be7 Bf8 25. Bxf8 Rxf8 26. Qd6 Qc5 27. Qxc5 Nxc5 28. b4 Na6 29. Rb1 Rd8 30. Ne2 Rd2 31. c3 Nc7 32. Ra1 Bc4 33. Ng3 h4 34. Bxc4 hxg3 35. Bb3 gxf2+ 36. Kf1 Rb2 37. Bxf7+ Kxf7 38. Ra7 Kf6 39. Rxc7 Kg5 40. Rxc6 Kf4 41. Rf6+ Kxe4 42. Rf3 Rc2 43. h4 Rd2 44. Rg3 Kd5 45. Rxg6 e4 46. Rg3 Kc4 47. h5 Rd3 48. Rg4 Re3 49. Kxf2 Kd3 50. h6 Re2+ 51. Kg3 e3 52. h7 Re1 53. h8Q Ke2 54. Re4 Rd1 55. Qh5+ Kd2 56. Rxe3 1-0